La dirección espiritual (Record no. 29330)

MARC details
000 -LEADER
campo de control de longitud fija 00846mc a2200265a 44500
001 - NÚMERO DE CONTROL
campo de control NM030023
003 - IDENTIFICADOR DE NÚMERO DE CONTROL
campo de control RG CODE MARC
008 - DATOS DE LONGITUD FIJA--INFORMACIÓN GENERAL
campo de control de longitud fija 45020simpr ||||||||||||||000 | spa||
005 - FECHA Y HORA DE LA ÚLTIMA TRANSACCIÓN
campo de control 20251028183339.0
020 ## - NÚMERO INTERNACIONAL ESTÁNDAR DEL LIBRO
Número Internacional Estándar del Libro 950-861-844-2
020 ## - NÚMERO INTERNACIONAL ESTÁNDAR DEL LIBRO
Número Internacional Estándar del Libro 978-950-861-844-3
040 ## - FUENTE DE CATALOGACIÓN
Centro catalogador/agencia de origen ORG CODE MARC
100 ## - ENTRADA PRINCIPAL--NOMBRE DE PERSONA
Nombre de persona Rodríguez Miranda, Tomás
Títulos y otros términos asociados al nombre S.J.
9 (RLIN) 40875
245 ## - MENCIÓN DEL TÍTULO
Título La dirección espiritual
Resto del título pastoral del acompañamiento espiritual
Mención de responsabilidad, etc. Tomás Rodríguez Miranda
260 ## - PUBLICACIÓN, DISTRIBUCIÓN, ETC.
Lugar de publicación, distribución, etc. Buenos Aires
Nombre del editor, distribuidor, etc. San Pablo [distribuidor]
300 ## - DESCRIPCIÓN FÍSICA
Extensión 400 p.
Otras características físicas 23 cm.
490 ## - MENCIÓN DE SERIE
Mención de serie Brechas
500 ## - NOTA GENERAL
Nota general Donación de Pablo Vernola, 2025
505 ## - NOTA DE CONTENIDO CON FORMATO
Título Cap. I. Naturaleza y finalidad de la dirección espiritual
505 ## - NOTA DE CONTENIDO CON FORMATO
Título Cap. II. Las personas
505 ## - NOTA DE CONTENIDO CON FORMATO
Título Cap. III. Las mediaciones
505 ## - NOTA DE CONTENIDO CON FORMATO
Título Cap. IV. Modos de proceder
505 ## - NOTA DE CONTENIDO CON FORMATO
Título Apéndices
942 ## - ELEMENTOS DE ENTRADA SECUNDARIOS (KOHA)
Tipo de ítem Koha Colección General
Holdings
Estatus retirado Estado de pérdida Estado de daño No para préstamo Biblioteca de origen Biblioteca actual Fecha de adquisición Total de préstamos Código de barras Visto por última vez Precio de reemplazo Tipo de ítem Koha
        Biblioteca Pluis Biblioteca Pluis 28/10/2025   046905 28/10/2025 28/10/2025 Colección General